Представление документа в формате RUSMARC

ПолеНазваниеЗначение
  Тип записи a
  Библиографический уровень a
001 Контрольный номер RU/CBS_UL/BASE/adaf70f57e464ecd8d72e9033d27db6b
005 Дата корректировки 20240430171946.8
100 Данные общей обработки __
a Данные общей обработки 20240430 ||| 0rusy0189 ca
101 Язык документа 0_
a Язык текста rus
102 Страна публикации __
a Страна публикации RU
200 Заглавие и сведения об ответственности 1_
a Заглавие Перпендикуляр и наклонная. Расстояние от точки до плоскости
e Сведения, относящиеся к заглавию [урок математики в 10 классе ]
f Первые сведения об ответственности Е. Афанасьева
300 Общие примечания __
a Общие примечания 16+
461 Уровень набора _0
1 2000
a Магариф
463 Уровень физической единицы _0
1 2000
a № 4
v С. 60-63 : ил.
1 2101
d 2024
1 001RU/CBS_UL/BASE/a0e6a9d454ba41339ab7d6545a9b59c7
606 Тематические рубрики 0_
a Основная рубрика Методика преподавания математики
610 Ключевые слова 0_
a Ключевые слова уроки
610 Ключевые слова 0_
a Ключевые слова уроки математики
610 Ключевые слова 0_
a Ключевые слова уроки в школе
610 Ключевые слова 0_
a Ключевые слова уроки в старших классах
610 Ключевые слова 0_
a Ключевые слова цели урока
686 Индексы других классификаций __
2 Код системы rubbk
a Классификационный индекс 74.262.21
700 Автор _1
a Фамилия Афанасьева
b Имя (инициалы) Е.
801 Источник записи _0
a Страна RU
b Организация МБУК ЦБС г. Ульяновска
c Дата составления 20240430
g Правила каталогизации RCR
801 Источник записи _1
a Страна RU
b Организация МБУК ЦБС г. Ульяновска
c Дата составления 20240430
g Правила каталогизации RCR
901 Тип документа __
t Тип документа b
w Контрольный № источника RU/CBS_UL/BASE/a0e6a9d454ba41339ab7d6545a9b59c7
909 Создатель записи __
a Создатель записи lib17